000 00804nam a22002412 4500
001 0000021128
005 20151217145931.0
008 120113s xx 000 0 eng d
020 _a8120332447 :
040 _aKABU
_cKABU
100 1 _aGupta, Vipin.
_@0000181820
245 1 0 _aBusiness policy and strategic management :
_bconcepts and applications. /
_cVipin Gupta, Kamala Gollakota, R. Srinivasan.
250 _aRev. 2nd ed.
260 _aNew Delhi :
_bPHI,
_c2009.
300 _axx, 575 p.
650 0 _aStrategic planning.
_@0000150576
650 0 _aStrategic planning
_xCase studies.
_@0000150586
700 1 _aGollakota, Kamala.
_@0000181821
700 1 _aSrinivasan, R.
_@0000181822
852 1 _9p3240 KES
908 _a120113
950 _@1
999 _c4238
_d4238